000 00607nam a2200193Ia 4500
003 GCL
008 140319s9999 xx 000 0 ara d
040 _aGCL /
_cGCL
082 0 4 _a922.1
_bع ز
100 1 _aعبدالله احمد بن حنبل الشيبانى
245 1 0 _aالزهد /
_cعبدالله احمد بن حنبل الشيبانى
260 _a[S.N] :
_bدار الكتب العلمية للنشر والتوزيع ،
_c1994
300 _a480 ص
490 _a
650 0 4 _aالاسلام
650 0 4 _aالفضائل الاسلامية
650 0 4 _aالزهد
942 _2ddc
_cBK
999 _c48995
_d48995